Responses for show #5904 - Thursday, April 22, 2010

Contestants

Chris Staaf, a history professor from Dallas, Georgia

Hilary Caws-Elwitt, a librarian from Friendsville, Pennsylvania

Phil Bucska, a high school history teacher originally from Woodhaven, Michigan (whose 1-day cash winnings total $20,400)

Jeopardy! Round responses

SATURDAY NIGHT FEVER
LOOK WHO'S TALKING
GREASE
"FACE"/"OFF"
PRIMARY COLORS
JOHN TRAVOLTA FILMS
    $200 21
sun poisoning

Hilary
    $200 26
Mark Twain

Chris
    $200 16
(Phil: What is chili?)

Spam

PhilHilary
    $200 2
face cards

Chris
    $200 11
the Green Party

Chris
    $200 1
Hairspray

Chris
    $400 22
liver

Phil
    $400 17
a corndog

Chris
    $400 3
a knockoff

Phil
    $400 12
the Black Panthers

Hilary
    $400 4
Urban Cowboy

Chris
    $600 23
teething rings

Triple Stumper
    $600 29
[The end-of-round signal sounds.]

Pasteur

Chris
    $600 18
a pizza

Phil
    $600 8
officiate

Triple Stumper
    $600 13
the Blue Dogs

Hilary
    $600 7
Get Shorty (or Be Cool)

Phil
    $800 24
(Alex: [*] is right, with less than a minute to go.)

the exit wound

Phil
    $800 28
(John Foster) Dulles

Chris
    $800 19
hash browns

Hilary
    $800 9
a preface

Phil
    $800 14
silver

Phil
    $800 6
Carrie

Chris
    $1000 25
E. coli

Phil
    $1000 27
(William Butler) Yeats

Chris
    $1000 20
a Philly cheesesteak

Phil
    $1,000 10
(Alex: ...No?)
(Phil: No.)

facetious

Phil
    $1000 15
Code Pink

Triple Stumper
    $1000 5
(Hilary: What was The Boy in the Bubble?)

The Boy in the Plastic Bubble

Hilary
Triple Stumper

Scores at the first commercial break (after clue 15):

Phil Hilary Chris
$1,600 $0 $1,800

Scores at the end of the Jeopardy! Round:

Phil Hilary Chris
$5,200 $1,200 $4,800

Double Jeopardy! Round responses

THE COMPOSER CONDUCTS
TV
COUNTRY ADD A LETTER
PERKIN' UP
LITERARY CHARACTERS
BEFORE & AFTER
    $400 1
John Williams

Hilary
    $400 3
Conan O'Brien

Phil
    $400 13
a sprain (for Spain)

Chris
    $400 8
Dr. Dolittle

Phil
    $400 18
(Phil: Who is Ricky Nelson Mandela?)

Ozzie Nelson Mandela

PhilChris
    $800 2
(John Philip) Sousa

Phil
    $800 4
John Madden

Phil
    $800 14
scuba (for Cuba)

Phil
    $800 9
Lucy

Hilary
    $800 19
Ban Ki-Moon River

Phil
    $1200 5
(Alan) Colmes

Chris
    $2,000 15
a woman (for Oman)

Phil
    $1200 25
No-Doz

Hilary
    $1200 10
(Hercule) Poirot

Hilary
    $1200 20
Judge Judy Garland

Chris
    $1600 27
[The end-of-round signal sounds.]

piano concerto

Triple Stumper
    $1600 6
Adult Swim

Phil
    $1600 16
a turnkey (for Turkey)

Hilary
    $1600 24
Red Bull

Phil
    $3,600 11
the Red Badge of Courage

Hilary
    $1600 21
Laverne & Shirley Chisholm

Triple Stumper
    $2000 26
Elgar

Hilary
    $2000 7
True Blood

Triple Stumper
    $2000 17
benign (for Benin)

Phil
    $2000 23
espresso beans

Hilary
    $2000 12
Sister Carrie

Chris
    $2000 22
(Hilary: What is Midnight Sun Yat-sen?)
...
(Alex: Less than a minute to go now.)

the Land of the Midnight Sun Yat-sen

Hilary
Triple Stumper

Scores at the end of the Double Jeopardy! Round:

Phil Hilary Chris
$16,000 $12,000 $10,000

[wagering suggestions for these scores]

Final Jeopardy! Round responses

TELECOMMUNICATIONS TERMINOLOGY
(Alex: Area codes go back a long, long way. But did you come up with the correct response here?)
ChrisWhat is area code?
$9,999
HilaryWhat is an area code?
$8,001
PhilWhat is a fax code?
$3,999
an overlay area code

Final scores:

Phil Hilary Chris
$12,001 $3,999 $1
2-day champion: $32,401 2nd place: $2,000 3rd place: $1,000

Game dynamics:

Coryat scores:

Phil Hilary Chris
$16,200 $10,000 $10,000
19 R
(including 1 DD),
3 W
(including 1 DD)
13 R
(including 1 DD),
2 W
15 R,
0 W

Combined Coryat: $36,200

The J! Archive is created by fans, for fans. The Jeopardy! game show and all elements thereof, including but not limited to copyright and trademark thereto, are the property of Jeopardy Productions, Inc. and are protected under law. This website is not affiliated with, sponsored by, or operated by Jeopardy Productions, Inc. Join the discussion at JBoard.tv.